000 00905nam a22003137a 4500
001 BR2010005402
003 BR-BrBNA
005 20230928103429.0
007 ta
008 230509b bl.||||| |||| 00| 0 por d
040 _aBR-BrBNA
_bpor
_cBiblioteca Nacional de Agricultura
041 _a(Por)
072 _aF01; E16
_b0336
_b0120
090 _ 0336 BR2010005402
110 1 _aFundação MS para Pesquisa e Difusão de Tecnológias Agropecuárias, Maracaju, MS (Brasil)
_94993
245 1 _aTecnologia e produção; soja e milho 2006/2007
260 3 _aMaracaju, MS (Brasil):
_c2006.
300 _a184 p.
650 _aSOJA
650 _aMILHO
650 _aPRÁTICA CULTURAL
650 _aERVA DANINHA
650 _aPRODUTIVIDADE
650 _aCUSTO DE PRODUÇÃO
650 _aPRAGA DE PLANTA
650 _aDOENÇA DE PLANTA
909 _a202309
_bLucia
_c55
_dLucia Elande
942 _cBK
999 _c75076
_d75076